[Event "DEN-chT"]
[Site "DEN"]
[Date "1991.??.??"]
[Round "1"]
[White "Nielsen, Peter Heine"]
[Black "Buch, Carsten"]
[Result "0-1"]
[WhiteElo "2365"]
[BlackElo "2260"]

1.d4 f5 2.Bg5 c6 3.e3 Qb6 4.Qc1 Na6 5.Nd2 d6 6.Ngf3 Nf6 7.h3 Bd7 8.c3 Ne4
9.Nxe4 fxe4 10.Nd2 Bf5 11.Be2 Bg6 12.O-O Qa5 13.Bh4 Nb8 14.b4 Qc7 15.c4 Nd7
16.c5 Nf6 17.b5 d5 18.Bg3 Qd7 19.Rb1 Bf5 20.bxc6 bxc6 21.Ba6 h5 22.Re1 h4
23.Bf4 g5 24.Be5 g4 25.Rb7 Qe6 26.hxg4 Bxg4 27.Qb2 h3 28.Rb8+ Rxb8 29.Qxb8+ Kf7
30.g3 h2+ 31.Kh1 Qf5 32.Bf4 Qh5 33.Bf1 Bf3+ 34.Nxf3 Qxf3+ 35.Bg2 Qxf2 36.Rf1 Qxa2
37.Qc8 Bg7 38.Qxc6 Ng4 39.Bh6+ Bf6 40.Bh3 Nf2+ 41.Rxf2 Qxf2 42.Qxd5+ Kg6
43.Qxe4+ Kxh6 44.Qf4+ Qxf4 45.gxf4 Kg7 46.Bd7 a5 47.Bb5 Bh4 48.c6 Bf2 49.Ba6 a4  0-1

[Event "DEN-ch"]
[Site "DEN"]
[Date "1991.??.??"]
[Round "2"]
[White "Nielsen, Peter Heine"]
[Black "Kristiansen, Jens"]
[Result "1-0"]
[WhiteElo "2365"]
[BlackElo "2415"]

1.e4 e5 2.Nf3 Nc6 3.Bb5 Nd4 4.Nxd4 exd4 5.O-O Bc5 6.d3 c6 7.Ba4 Ne7 8.f4 f5
9.Bb3 d5 10.exd5 Nxd5 11.Re1+ Kf7 12.Nd2 g6 13.Nf3 Kg7 14.Bxd5 Qxd5 15.Re5 Qd6
16.b3 Be6 17.Bb2 Bb6 18.Qe1 Rhe8 19.Qf2 c5 20.Rae1 Bd7 21.c3 dxc3 22.Bxc3 Kg8
23.Qh4 h5 24.Re7 Rxe7 25.Qxe7 Qxe7 26.Rxe7 Bb5 27.Ng5 c4+ 28.Kh1 cxd3 29.Rh7 Kf8
30.Rh8+ Ke7 31.Rxa8 Be3 32.Nf3  1-0

[Event "DEN-chT"]
[Site "DEN"]
[Date "1991.??.??"]
[Round "2"]
[White "Pedersen, Finn"]
[Black "Nielsen, Peter Heine"]
[Result "1-0"]
[WhiteElo "2300"]
[BlackElo "2365"]

1.Nf3 g6 2.d4 Nf6 3.Bf4 d6 4.Nbd2 Bg7 5.e4 O-O 6.Be2 Nc6 7.c3 Nh5 8.Be3 e5
9.dxe5 dxe5 10.Qc2 a5 11.a4 Qe7 12.O-O Kh8 13.Bb5 Nd8 14.b4 Ne6 15.bxa5 f5
16.Nb3 f4 17.Bc1 Ng5 18.Nxg5 Qxg5 19.f3 Qf6 20.Ba3 g5 21.Bxf8 Bxf8 22.Rad1 c6
23.Bc4 Ng7 24.Qf2 g4 25.Qb6 Be7 26.fxg4 h5 27.gxh5 Nxh5 28.Rd3 Qg7 29.a6 bxa6
30.Qxc6 Bb7 31.Qxb7  1-0

[Event "DEN-ch"]
[Site "DEN"]
[Date "1991.??.??"]
[Round "3"]
[White "Rasmussen, Karsten"]
[Black "Nielsen, Peter Heine"]
[Result "1/2-1/2"]
[WhiteElo "2440"]
[BlackElo "2365"]

1.c4 g6 2.g3 Bg7 3.Bg2 c5 4.Nc3 Nc6 5.a3 Nf6 6.Rb1 a5 7.d3 O-O 8.e4 d6 9.Nge2 Ne8
10.Be3 Nc7 11.Qd2 Nd4 12.O-O a4 13.Bh6 Nb3 14.Qe3 Ne6 15.Bxg7 Kxg7 16.f4 Ned4
17.f5 f6 18.Nf4 Nc6 19.Bf3 Ne5 20.Bd1 Nd4 21.Nxa4 gxf5 22.Nc3 Kh8 23.Nb5 Nxb5
24.cxb5 fxe4 25.dxe4 Rg8 26.b4 cxb4 27.Rxb4 Bd7 28.a4 Rc8 29.Bb3 Rg5 30.Nd5 Rc5
31.Rd4 Be6 32.Kh1 Ng4 33.Qf3 Ne5 34.Qf4 Bxd5 35.Bxd5 Qc7 36.Rdd1 Rc2 37.Bb3 Rc3
38.Be6 Ng6 39.Qd2 Rc2 40.Rc1 Rgc5 41.Rxc2 Rxc2 42.Qd4 Rc1 43.Rxc1 Qxc1+ 44.Kg2 Qc2+
45.Kh3 Qe2 46.Bc4 Qf3 47.Qd2 e5 48.Qh6 f5 49.Be2 Qxe4 50.Bh5 Kg8 51.Qg5 Kf7  1/2-1/2

[Event "DEN-chT"]
[Site "DEN"]
[Date "1991.??.??"]
[Round "5"]
[White "Sorensen, Henrik"]
[Black "Nielsen, Peter Heine"]
[Result "1-0"]
[WhiteElo "2255"]
[BlackElo "2365"]

1.d4 Nf6 2.Nf3 g6 3.Bg5 Bg7 4.Nbd2 O-O 5.e4 d5 6.e5 Ne4 7.Bd3 c5 8.Nxe4 dxe4
9.Bxe4 cxd4 10.O-O f6 11.exf6 exf6 12.Bf4 Kh8 13.Re1 a6 14.a4 f5 15.Bd3 Nc6
16.Qd2 b6 17.Ng5 Rf6 18.Bc4 Ra7 19.Re2 Qf8 20.Rae1 Bd7 21.Be6 Bxe6 22.Nxe6 Qg8
23.Nxg7 Kxg7 24.Re8 Qd5 25.Bh6+ Kf7 26.Rf8+  1-0

[Event "DEN-ch"]
[Site "DEN"]
[Date "1991.??.??"]
[Round "5"]
[White "Hoi, Carsten"]
[Black "Nielsen, Peter Heine"]
[Result "1/2-1/2"]
[WhiteElo "2405"]
[BlackElo "2365"]

1.d4 Nf6 2.c4 g6 3.Nc3 Bg7 4.e4 d6 5.f3 O-O 6.Be3 c5 7.Nge2 cxd4 8.Nxd4 Nc6
9.Qd2 Bd7 10.O-O-O Qa5 11.Kb1 Rfc8 12.Be2 Nxd4 13.Bxd4 Be6 14.b3 a6 15.Nd5  1/2-1/2

[Event "DEN-ch"]
[Site "DEN"]
[Date "1991.??.??"]
[Round "6"]
[White "Nielsen, Peter Heine"]
[Black "Schandorff, Lars"]
[Result "1-0"]
[WhiteElo "2365"]
[BlackElo "2425"]

1.e4 e5 2.Nf3 Nc6 3.Bb5 a6 4.Ba4 Nf6 5.O-O Be7 6.Bxc6 dxc6 7.Qe1 Bd6 8.d4 Qe7
9.dxe5 Bxe5 10.Nxe5 Qxe5 11.Nc3 Bd7 12.f4 Qe7 13.f5 O-O-O 14.Bg5 h6 15.Bh4 Rde8
16.Qf2 Kb8 17.Rad1 Bc8 18.Rd4 Qe5 19.Bg3 Qe7 20.Bh4 Qe5 21.h3 Rd8 22.Rfd1 Rxd4
23.Rxd4 Nh5 24.Rd3 Re8 25.Qf3 g6 26.Bf2 Qf4 27.g4 Qxf3 28.Rxf3 Ng7 29.Bd4 Rg8
30.fxg6 fxg6 31.Bxg7 Rxg7 32.Rf8 b5 33.Kg2 h5 34.Kg3 hxg4 35.hxg4 Kb7 36.Rf2 Be6
37.e5 Bd5 38.Re2 g5 39.Ne4 Bxe4 40.Rxe4 c5 41.e6 Re7 42.Re5 Kc6 43.Rxg5 Rxe6
44.Rf5 Re1 45.Rf2 Kd7 46.g5 Ke8 47.Kg4 Rg1+ 48.Kh5 Rh1+ 49.Kg6 Ke7 50.Kg7 Ke6
51.g6 Rg1 52.Kh7 c4 53.g7 Rh1+ 54.Kg8 Ke7 55.Rf7+ Ke8 56.Rxc7 Rh2 57.Rc5 Ke7
58.Re5+ Kd6 59.Rg5 Ke7 60.Rg6 a5 61.Rg5 b4 62.Rxa5 Rxc2 63.Rh5 Rg2 64.Rh3 c3
65.bxc3 bxc3 66.Rxc3 Rxa2 67.Rh3  1-0

[Event "DEN-ch"]
[Site "DEN"]
[Date "1991.??.??"]
[Round "7"]
[White "Mortensen, Erling"]
[Black "Nielsen, Peter Heine"]
[Result "1/2-1/2"]
[WhiteElo "2450"]
[BlackElo "2365"]

1.e4 e5 2.Nf3 Nc6 3.Bb5 a6 4.Ba4 Nf6 5.O-O Be7 6.Qe2 b5 7.Bb3 O-O 8.c3 d6
9.a4 b4 10.a5 Rb8 11.Bc4 bxc3 12.dxc3 Ra8 13.Rd1 Bb7 14.Nbd2 Nb8 15.Ne1 Nbd7
16.Nd3 Re8 17.Nb4 Qc8 18.f3 c6 19.Nb3 d5 20.Bd3 Qb8 21.Bc2 Bf8  1/2-1/2

[Event "DEN-ch"]
[Site "DEN"]
[Date "1991.??.??"]
[Round "10"]
[White "Nielsen, Peter Heine"]
[Black "Brinck Claussen, Bjorn"]
[Result "1/2-1/2"]
[WhiteElo "2365"]
[BlackElo "2415"]

1.e4 e5 2.Nf3 Nc6 3.Bb5 a6 4.Ba4 Nf6 5.O-O Be7 6.Re1 b5 7.Bb3 O-O 8.c3 d5
9.exd5 Nxd5 10.Nxe5 Nxe5 11.Rxe5 c6 12.d4 Bd6 13.Re1 Qh4 14.g3 Qh3 15.Re4 Nf6
16.Rh4  1/2-1/2

[Event "Festuge op"]
[Site "Festuge"]
[Date "1991.??.??"]
[Round "?"]
[White "Jakobsen, Peter"]
[Black "Nielsen, Peter Heine"]
[Result "1/2-1/2"]
[WhiteElo "2330"]
[BlackElo "2365"]

1.d4 Nf6 2.c4 d6 3.Nc3 Nbd7 4.e4 c6 5.Nf3 e5 6.Be2 Be7 7.O-O a6 8.Re1 b5
9.a3 O-O 10.Bf1 Bb7 11.Bg5 h6 12.Bh4 Nh7 13.Bxe7 Qxe7 14.d5 cxd5 15.cxb5 dxe4
16.bxa6 Bxa6 17.Nxe4  1/2-1/2

[Event "Festuge op"]
[Site "Festuge"]
[Date "1991.??.??"]
[Round "?"]
[White "Fogarasi, Tibor"]
[Black "Nielsen, Peter Heine"]
[Result "1/2-1/2"]
[WhiteElo "2410"]
[BlackElo "2365"]

1.e4 e5 2.Nf3 Nc6 3.Bb5 a6 4.Ba4 Nf6 5.Qe2 b5 6.Bb3 Be7 7.O-O O-O 8.c3 d6
9.h3 Be6 10.Bxe6 fxe6 11.d4 Qe8 12.dxe5 Nxe5 13.Nxe5 dxe5 14.a4 Bc5 15.b4 Bb6
16.axb5 axb5 17.Rxa8 Qxa8 18.Nd2 Qe8 19.c4 bxc4 20.Qxc4 Nh5 21.Nf3 h6 22.Kh2 Kh7
23.Bb2 Nf4 24.Nxe5 Qh5 25.Ng4 Nxh3 26.gxh3 Rf3 27.Nf6+ gxf6 28.Qxe6 Bxf2
29.Bxf6 Qg6 30.Qd7+ Kg8 31.Qd8+ Kf7 32.Qd5+ Kf8 33.Qd8+ Kf7 34.Qe7+ Kg8 35.Qd8+ Kf7  1/2-1/2

[Event "Festuge op"]
[Site "Festuge"]
[Date "1991.??.??"]
[Round "?"]
[White "Jelling, Erik"]
[Black "Nielsen, Peter Heine"]
[Result "1/2-1/2"]
[WhiteElo "2365"]
[BlackElo "2365"]

1.d4 Nf6 2.c4 g6 3.Nf3 Bg7 4.g3 O-O 5.Bg2 d6 6.O-O Nbd7 7.Qc2 e5 8.Rd1 Re8
9.e4 exd4 10.Nxd4 c6 11.Nc3 Qe7 12.f3 Nb6 13.b3 d5 14.cxd5 cxd5 15.Ncb5 dxe4
16.Nc7 Rd8 17.Nxa8 Nxa8 18.Bb2 Nd5 19.Qe2 e3 20.Rac1  1/2-1/2

[Event "Festuge op"]
[Site "Festuge"]
[Date "1991.??.??"]
[Round "?"]
[White "Nielsen, Peter Heine"]
[Black "Ledger, Andrew"]
[Result "1/2-1/2"]
[WhiteElo "2365"]
[BlackElo "2350"]

1.e4 c6 2.d4 d5 3.Nc3 dxe4 4.Nxe4 Nd7 5.Ng5 Nb6 6.N1f3 g6 7.Bd3 Bg7 8.O-O Nh6
9.c3 O-O 10.Re1 Bf5 11.Ne4 Bxe4 12.Bxe4  1/2-1/2

[Event "Lyngby op"]
[Site "Lyngby"]
[Date "1991.??.??"]
[Round "?"]
[White "Lyrberg, Patrik"]
[Black "Nielsen, Peter Heine"]
[Result "1/2-1/2"]
[WhiteElo "2270"]
[BlackElo "2365"]

1.e4 d5 2.exd5 Nf6 3.d4 Nxd5 4.c4 Nb6 5.Nc3 e5 6.Nf3 Bg4 7.Be2 Bxf3 8.Bxf3 exd4
9.O-O dxc3 10.Re1+ Be7 11.Bg5 f6 12.Bh5+ g6 13.Bxf6 Qxd1 14.Bxd1 O-O 15.Bxe7 cxb2
16.Rb1 Re8 17.Bb3 Nc6 18.c5+ Kg7 19.cxb6 Rxe7 20.Rxe7+  1/2-1/2

[Event "Lyngby op"]
[Site "Lyngby"]
[Date "1991.??.??"]
[Round "1"]
[White "Nielsen, Peter Heine"]
[Black "Christensen, Tobias"]
[Result "1/2-1/2"]
[WhiteElo "2445"]
[BlackElo "2305"]

1.d4 d5 2.Nf3 c5 3.dxc5 e6 4.e4 Bxc5 5.exd5 exd5 6.Be2 Nf6 7.O-O O-O 8.Bg5 Nc6
9.Nbd2 h6 10.Bh4 g5 11.Bg3 Nh5 12.Nb3 Nxg3 13.hxg3 Bb6 14.Nfd4 Qf6 15.c3 Be6
16.Qd2 Rae8 17.Rae1 Re7 18.Bd3 Rfe8 19.Re3 Ne5 20.Qc2 Nxd3 21.Qxd3 Bg4 22.Rfe1 Bh5
23.Nf5 Re6 24.Nfd4 Re5 25.Rxe5 Rxe5 26.Qd2 Bg6 27.Nf3 Re4 28.Nfd4  1/2-1/2

[Event "Lyngby op"]
[Site "Lyngby"]
[Date "1991.??.??"]
[Round "2"]
[White "Burgess, Graham"]
[Black "Nielsen, Peter Heine"]
[Result "0-1"]
[WhiteElo "2275"]
[BlackElo "2445"]

1.d4 Nf6 2.Nf3 g6 3.Nc3 d5 4.Bf4 c6 5.e3 Bg7 6.Be2 Bg4 7.Ne5 Bxe2 8.Qxe2 Nh5
9.Bg5 Nd7 10.g4 Nhf6 11.O-O-O Qa5 12.f4 h6 13.Bh4 Nxe5 14.fxe5 Nd7 15.Rhf1 g5
16.Be1 Nb6 17.e4 dxe4 18.Kb1 e3 19.Qxe3 Nd5 20.Nxd5 Qxd5 21.h4 O-O-O 22.hxg5 Bxe5
23.gxh6 Bxd4 24.Qxe7 Qb5 25.Bb4 Rhe8 26.Qxf7 Qxb4 27.Qf5+ Kb8 28.Qf4+ Kc8
29.Qf5+ Kc7 30.Qf4+ Kb6 31.c3 Bxc3 32.Qxb4+ Bxb4 33.Rxd8 Rxd8 34.g5 Bd2 35.h7 Bxg5
36.Rg1 Bf6 37.Rg8 Rd1+ 38.Kc2 Rh1 39.Rf8 Rh2+ 40.Kd3 Bxb2 41.Ke4 Ba1 42.Rf7 Rxa2
43.Rf1 Rh2 44.Rb1+ Kc7 45.Rxa1 a6  0-1

[Event "Lyngby op"]
[Site "Lyngby"]
[Date "1991.??.??"]
[Round "7"]
[White "Nielsen, Peter Heine"]
[Black "Trichkov, Vasil"]
[Result "1-0"]
[WhiteElo "2445"]
[BlackElo "2310"]

1.e4 e6 2.d4 d5 3.Nc3 Bb4 4.e5 c5 5.a3 Bxc3+ 6.bxc3 Ne7 7.Nf3 Nbc6 8.a4 Bd7
9.Be2 Qa5 10.O-O b5 11.Bxb5 Nxe5 12.Nxe5 Bxb5 13.Qf3 f6 14.axb5 Qxa1 15.Bh6 Qa3
16.Bxg7 fxe5 17.Bxh8 exd4 18.Qf6 Rb8 19.Qxe6 Rb6 20.Qe5 c4 21.Re1 d3 22.cxd3 cxd3
23.Qxd5 Qd6 24.Qxd6 Rxd6 25.Bd4 Rd5 26.Rd1 Rxb5 27.Bxa7 Nc6 28.Bd4 Kf7 29.g3 Nxd4
30.cxd4 Rb3 31.Kg2 Ke6 32.Kf3 Kd5 33.Ke3 Kc4 34.d5 d2+ 35.Kxd2 Kxd5 36.Kc2+ Kc4
37.Rd4+ Kxd4 38.Kxb3 Ke4 39.f4 h5 40.Kc3 h4 41.Kd2 Kf3 42.f5 h3 43.f6 Kg2
44.f7 Kxh2 45.f8=Q Kxg3 46.Qf1 Kh2 47.Qf2+ Kh1 48.Ke1 h2 49.Qf1+  1-0

[Event "Lyngby op"]
[Site "Lyngby"]
[Date "1991.??.??"]
[Round "9"]
[White "Nielsen, Peter Heine"]
[Black "Hoi, Carsten"]
[Result "1/2-1/2"]
[WhiteElo "2445"]
[BlackElo "2440"]

1.e4 g6 2.d4 Bg7 3.Nf3 d6 4.Be2 Nf6 5.Nc3 O-O 6.O-O Bg4 7.Be3 Nc6 8.Qd2 e5
9.d5 Ne7 10.Rad1 Nd7 11.Ng5 Bxe2 12.Nxe2 h6 13.Nh3 Kh7 14.f4  1/2-1/2

[Event "Wch U20"]
[Site "Mamaia"]
[Date "1991.??.??"]
[Round "?"]
[White "Degraeve, Jean Marc"]
[Black "Nielsen, Peter Heine"]
[Result "1/2-1/2"]
[WhiteElo "2450"]
[BlackElo "2445"]

1.e4 e5 2.Nf3 Nc6 3.Bc4 Nf6 4.d3 Be7 5.O-O O-O 6.Re1 d6 7.c3 Na5 8.Bb5 a6
9.Ba4 b5 10.Bc2 c5 11.Nbd2 Re8 12.Nf1 Bf8 13.Ng3 Bb7 14.a3 h6 15.b4 Nc6 16.d4 cxd4
17.cxd4 exd4 18.Nxd4 Nxd4 19.Qxd4 g6 20.Bb2 Bg7 21.Qd2 d5 22.e5 Ne4 23.Nxe4 dxe4
24.Qf4 g5 25.Qf5 Qd2 26.Rac1 Rac8 27.Red1 Qf4 28.Qxf4 gxf4 29.Bb3 Rxc1 30.Bxc1 Bxe5
31.Rd7 Rc8 32.Bd2 Rc7 33.Bxf7+ Kg7 34.Rxc7 Bxc7  1/2-1/2

[Event "Wch U20"]
[Site "Mamaia"]
[Date "1991.??.??"]
[Round "?"]
[White "Jirovsky, Milos"]
[Black "Nielsen, Peter Heine"]
[Result "1/2-1/2"]
[WhiteElo "2310"]
[BlackElo "2445"]

1.Nf3 d6 2.d4 Nf6 3.g3 Nbd7 4.Bg2 c6 5.O-O e5 6.c4 Be7 7.Nc3 O-O 8.e4 a6
9.d5 cxd5 10.cxd5 b5 11.Ne1 b4 12.Na4 a5 13.Nd3 Ba6 14.Be3 Ng4 15.Qxg4 Bxd3
16.Rfe1 Bb5 17.b3 Bxa4 18.bxa4 Nc5 19.Bxc5 dxc5 20.Bf1  1/2-1/2

[Event "Wch U20"]
[Site "Mamaia"]
[Date "1991.??.??"]
[Round "?"]
[White "Nielsen, Peter Heine"]
[Black "Bezold, Michael"]
[Result "1-0"]
[WhiteElo "2445"]
[BlackElo "2355"]

1.d4 d6 2.e4 g6 3.Be2 Bg7 4.Nf3 b6 5.c4 Bb7 6.Nc3 e6 7.Be3 Nd7 8.O-O Ne7
9.d5 Bxc3 10.bxc3 e5 11.Bh6 f6 12.Nd2 Kf7 13.Bg4 Nc5 14.f4 exf4 15.Rxf4 Bc8
16.Bxc8 Rxc8 17.Nf3 Ng8 18.Ng5+ Ke7 19.Bg7 h6 20.Bxh8 hxg5 21.Rf3 Qf8 22.Rh3 Re8
23.e5 dxe5 24.d6+ Kd8 25.Qd5 Qxd6 26.Qa8+ Kd7 27.Rh7+ Ne7 28.Qf3 Rxh8 29.Rxh8 e4
30.Qe2 Kc6 31.Rd1 Qe6 32.Re8 Kb7 33.Rd5 Qf7 34.Rxc5 Qxe8 35.Qxe4+ Kb8 36.Rd5 Qf8
37.Rd7 Nc8 38.Qc6 Qc5+ 39.Qxc5 bxc5 40.Rf7 f5 41.Rf6  1-0

[Event "Wch U20"]
[Site "Mamaia"]
[Date "1991.??.??"]
[Round "?"]
[White "Nielsen, Peter Heine"]
[Black "Masserey, Yvan"]
[Result "1-0"]
[WhiteElo "2445"]
[BlackElo "2235"]

1.d4 Nf6 2.c4 e6 3.Nc3 Bb4 4.Bg5 h6 5.Bh4 c5 6.d5 d6 7.e3 g5 8.Bg3 Ne4 9.Ne2 Qf6
10.Qc2 exd5 11.O-O-O Nxc3 12.Nxc3 Bxc3 13.Qxc3 Qxc3+ 14.bxc3 Ke7 15.h4 gxh4
16.Rxh4 Be6 17.cxd5 Bf5 18.e4 Bg6 19.e5 dxe5 20.Bxe5 f6 21.d6+ Kf7 22.Bc4+ Kg7
23.d7 Nc6 24.Bc7 Ne5 25.d8=Q  1-0

[Event "Wch U20"]
[Site "Mamaia"]
[Date "1991.??.??"]
[Round "?"]
[White "Nielsen, Peter Heine"]
[Black "Moldovan, Daniel"]
[Result "0-1"]
[WhiteElo "2445"]
[BlackElo "2425"]

1.d4 Nf6 2.Nf3 g6 3.c4 c5 4.Nc3 cxd4 5.Nxd4 Nc6 6.e4 Bg7 7.Be3 O-O 8.Be2 b6
9.O-O Bb7 10.f3 Qb8 11.Qd2 Rd8 12.Rfd1 d6 13.Qe1 Rd7 14.Rab1 Qf8 15.Kh1 Rad8
16.Ncb5 Nxd4 17.Nxd4 Nh5 18.Bf1 e6 19.Rd2 d5 20.cxd5 exd5 21.Bb5 Rc7 22.Bg5 Rdc8
23.exd5 Bxd5 24.Nf5 Qc5 25.Nxg7 Bxa2 26.Ne8 Qxg5 27.Nxc7 Bxb1 28.Nd5 Ba2
29.h4 Qg3 30.Qxg3 Nxg3+ 31.Kh2 Bxd5 32.Rxd5 Nf5 33.Rd7 Nxh4 34.Kh3 Nf5 35.Rxa7 Rc1
36.Bd3 Rh1+ 37.Kg4 Ne3+ 38.Kg3 Rd1 39.Be4 Rd2 40.Kf4 Nxg2+ 41.Ke5 Ne3 42.b3 h5
43.Kf4 Nd5+ 44.Ke5 Nc3 45.Ba8 Re2+ 46.Kf6 Re6+ 47.Kg5 Kg7 48.Rc7 Ne2 49.Rd7 Re5+
50.Kh4 Nf4  0-1

[Event "Wch U20"]
[Site "Mamaia"]
[Date "1991.??.??"]
[Round "?"]
[White "Nielsen, Peter Heine"]
[Black "Prakash, G B."]
[Result "1-0"]
[WhiteElo "2445"]
[BlackElo "2355"]

1.e4 e5 2.Nf3 Nc6 3.d4 exd4 4.Nxd4 Nf6 5.Nxc6 bxc6 6.e5 Qe7 7.Qe2 Nd5 8.c4 Ba6
9.g3 O-O-O 10.b3 Re8 11.Bb2 f6 12.Bg2 Qb4+ 13.Qd2 Qxd2+ 14.Nxd2 Nb4 15.Be4 Bb7
16.a3 Na6 17.exf6 Nc5 18.fxg7 Bxg7 19.Bxg7 Rhg8 20.O-O-O Nxe4 21.Nxe4 Rxe4
22.Rhe1 Rg4 23.Bd4 a5 24.a4 d6 25.Bc3 R4g5 26.Re7 Rh5 27.Rde1 Rxh2 28.Bxa5 Rxf2
29.Rxc7+ Kb8 30.Ree7 Bc8 31.Rxc6 Rxg3 32.Be1 Rg1 33.Rxd6 h5 34.Rg6 Rgf1 35.Rh6 Rh2
36.Rb6+ Ka8 37.Rc6 Bb7 38.Rd6 Kb8 39.Rb6 Kc8 40.Rbxb7 Rxe1+ 41.Rxe1 Kxb7
42.Re6 h4 43.Rh6 h3 44.a5 Rh1+ 45.Kb2 h2 46.b4  1-0

[Event "Wch U20"]
[Site "Mamaia"]
[Date "1991.??.??"]
[Round "?"]
[White "Nielsen, Peter Heine"]
[Black "Ulibin, Mikhail"]
[Result "1/2-1/2"]
[WhiteElo "2445"]
[BlackElo "2565"]

1.e4 e6 2.d4 d5 3.Nc3 Nf6 4.Bg5 Be7 5.e5 Nfd7 6.Bxe7 Qxe7 7.f4 O-O 8.Nf3 c5
9.Qd2 Nc6 10.O-O-O Nb6 11.dxc5 Qxc5 12.Bd3 Bd7 13.Bxh7+ Kxh7 14.Ng5+ Kg8
15.Qd3 Rfe8 16.Qh7+ Kf8 17.Rhe1 Nc4 18.Qh8+ Ke7 19.Qh4 Rh8 20.Nh7+ f6 21.exf6+ Kd8
22.fxg7+ Kc7 23.gxh8=Q  1/2-1/2

[Event "Wch U20"]
[Site "Mamaia"]
[Date "1991.??.??"]
[Round "?"]
[White "Van Gisbergen, Stan"]
[Black "Nielsen, Peter Heine"]
[Result "1/2-1/2"]
[WhiteElo "2295"]
[BlackElo "2445"]

1.d4 Nf6 2.c4 e6 3.Nf3 d5 4.Nc3 Be7 5.Bg5 h6 6.Bh4 O-O 7.e3 b6 8.Bd3 Bb7
9.O-O dxc4 10.Bxc4 Ne4 11.Bxe7 Qxe7 12.Qe2 Nd7 13.Rac1 Nxc3  1/2-1/2

[Event "Stavanger op"]
[Site "Stavanger"]
[Date "1991.??.??"]
[Round "1"]
[White "Nielsen, Peter Heine"]
[Black "Hector, Jonny"]
[Result "1-0"]
[WhiteElo "2445"]
[BlackElo "2500"]

1.e4 e5 2.Nf3 Nc6 3.d4 exd4 4.Nxd4 Qf6 5.Be3 Bc5 6.c3 Nge7 7.Bc4 Ne5 8.Be2 Qg6
9.O-O d5 10.Bh5 Qxe4 11.Nd2 Qh4 12.Bxf7+ Nxf7 13.N4f3 Qf6 14.Bxc5 O-O 15.Re1 Re8
16.Qe2 Nd6 17.Qe5 Qxe5 18.Rxe5 Bd7 19.Bxd6 cxd6 20.Ree1 Nc6 21.Nb3 Ne5 22.Nxe5 dxe5
23.Nc5 Bc6 24.Nd3 e4 25.Nb4 a5 26.Nc2 Red8 27.Nd4 Be8 28.Rad1 b5 29.Nc2 Bf7
30.Rd4 b4 31.cxb4 Rdc8 32.Rd2 Rab8 33.a3 d4 34.Nxd4 axb4 35.Nf5 Rc7 36.axb4 Bg6
37.Ne3 Kf8 38.Rd4 Rcb7 39.Nc2 Rc7 40.Na3 Rbc8 41.h3 Rb8 42.b5 Rc5 43.Red1 Ke7
44.Rd7+ Kf6 45.Rd8 Rb7 46.R1d7 Rxd7 47.Rxd7 Be8 48.Rd4 Bxb5 49.Rxe4 Ba6 50.Re3 h5
51.b4 Rc1+ 52.Kh2 Bb7 53.h4 Rd1 54.Rc3 Rd4 55.Rc4 Rd3 56.Nc2 Rd2 57.Kg3 Bd5
58.Rd4 Rxc2 59.Rxd5 g6 60.Rg5 Rc3+ 61.f3 Rb3 62.b5 Rb4 63.Rc5 Rb2 64.Rc6+ Kf5
65.Rb6 Rb4 66.Rb7 Kf6 67.Rb6+ Kf5 68.Rb8 Kf6 69.Kh3 Rb3 70.b6 Kg7 71.Kg3 Rb4
72.Kh3 Rb3 73.Kg3 Rb4 74.f4 Rb3+ 75.Kf2 Kf6 76.Ke2 Kf5 77.b7 Kg4 78.f5  1-0

[Event "Stavanger op"]
[Site "Stavanger"]
[Date "1991.??.??"]
[Round "6"]
[White "Bern, Ivar"]
[Black "Nielsen, Peter Heine"]
[Result "1/2-1/2"]
[WhiteElo "2405"]
[BlackElo "2445"]

1.d4 Nf6 2.c4 g6 3.Nc3 Bg7 4.e4 d6 5.Nge2 O-O 6.Ng3 a6 7.Be2 c5 8.d5 b5 9.cxb5 axb5
10.Bxb5 Ba6 11.O-O Bxb5 12.Nxb5 Qb6 13.Qe2 Na6 14.a4 Nd7 15.Rd1 Rfb8 16.Ra3 Nc7
17.Nc3 Qa6 18.Qc2 Ne5 19.Nf1 Nc4 20.Ra2 Rb4 21.b3 Na5 22.Nd2 Rab8 23.Ra3 Rd4
24.Nf3 Rdb4 25.Nd2 Rd4 26.Nf3 Rdb4  1/2-1/2

[Event "Stavanger op"]
[Site "Stavanger"]
[Date "1991.??.??"]
[Round "8"]
[White "Nielsen, Peter Heine"]
[Black "Ostenstad, Berge"]
[Result "1-0"]
[WhiteElo "2445"]
[BlackElo "2475"]

1.e4 e6 2.d4 d5 3.exd5 exd5 4.Nf3 Bd6 5.c4 c6 6.Nc3 Ne7 7.Bd3 O-O 8.O-O dxc4
9.Bxc4 Nd7 10.h3 Nb6 11.Bb3 Ned5 12.Bg5 f6 13.Be3 Be6 14.Ne4 Bf7 15.Nh4 Bc7
16.Nf5 Kh8 17.Qf3 Be6 18.Rfe1 g6 19.Nfg3 Nxe3 20.Qxe3 Nd5 21.Qf3 Bg8 22.Nc5 Qc8
23.Re2 b6 24.Nd3 Qd7 25.Rae1 Rad8 26.Ne4 Bb8 27.h4 Qg7 28.Nc3 f5 29.Ne5 Qf6
30.g3 Rfe8 31.Bxd5 Bxd5 32.Nxd5 cxd5 33.h5 Rf8 34.Rc2 g5 35.Rc6 Rd6 36.Rec1 g4
37.Rxd6 Qxd6 38.Qe2 Qh6 39.Rc8 Kg8 40.Rxf8+ Qxf8 41.Nd7  1-0

[Event "Stavanger op"]
[Site "Stavanger"]
[Date "1991.??.??"]
[Round "9"]
[White "Gausel, Einar"]
[Black "Nielsen, Peter Heine"]
[Result "1/2-1/2"]
[WhiteElo "2435"]
[BlackElo "2445"]

1.d4 Nf6 2.Nf3 g6 3.c4 Bg7 4.Nc3 O-O 5.e4 d6 6.Be2 c5 7.O-O cxd4 8.Nxd4 Nc6
9.Be3 Bd7 10.Rc1 Nxd4 11.Bxd4 Bc6 12.f3 a5 13.Qd2 Nd7 14.Bxg7 Kxg7 15.Qd4+ f6
16.Rfd1 a4 17.Nd5 Nc5 18.Qf2 e5 19.Ne3 Qe7 20.Qh4 Ne6 21.Rd2 Rad8 22.Rcd1 Kh8
23.Bf1 Rf7 24.Kh1 Qf8  1/2-1/2

[Event "Valby K41"]
[Site "Valby"]
[Date "1991.??.??"]
[Round "1"]
[White "Nielsen, Peter Heine"]
[Black "Hector, Jonny"]
[Result "1/2-1/2"]
[WhiteElo "2445"]
[BlackElo "2500"]

1.e4 e5 2.Nf3 Nc6 3.Bb5 a6 4.Bxc6 dxc6 5.O-O Qd6 6.d4 exd4 7.Nxd4 Bd7 8.Be3 c5
9.Ne2 Qxd1 10.Rxd1 O-O-O 11.Nbc3 Re8 12.f3 f5 13.Kf2 Nf6 14.exf5 Bxf5 15.Rd2 Bd7
16.Re1 b6 17.Ng3 g6 18.Bg5 Bg7 19.Rde2 Rhf8 20.Rxe8+ Nxe8 21.Nd1 Rf7 22.c3 Nd6
23.Kg1 Bc6 24.Nf2 a5 25.Nd3 Bd5 26.a3 Nc4 27.Bc1 Rd7 28.Nf4 Bf7 29.Ne4 h6
30.h4 a4 31.Kf2 Be5 32.Nh3 Bg7 33.Nf4 Ne5 34.Ke2 Bc4+ 35.Kf2 Rf7 36.Kg3 Kb7
37.Nf2 h5 38.Ne4 Rd7 39.Ng5 Bf6 40.Ne4 Bg7 41.Nf2 Bb3 42.Re2 Ba2 43.Re1 Bh8
44.Be3 Nc4 45.N2d3 Rd6 46.Kf2 Bb3 47.Rc1 Bg7 48.g4 Bf8 49.g5 Rd8 50.Re1 Bc2
51.Ke2 Bd6 52.Bc1 Na5 53.Ne6 Rd7 54.Nf2 Bf5 55.Nf4 Nb3 56.Be3 Re7 57.N4d3 c4
58.Nb4 Bc5 59.Nd1 Nc1+ 60.Kd2 Nb3+ 61.Ke2 Rd7 62.Nf2 Bxe3 63.Kxe3 Rd2 64.Re2 Rd8
65.Ne4 c5 66.Nc2 Kc6 67.Ne1 Rd1 68.Ng2 b5 69.Re1 Rd3+ 70.Kf4 Nd2 71.Ne3 Bxe4
72.fxe4 Kd6 73.Re2 Ke6 74.Rf2 b4 75.axb4 cxb4 76.cxb4 Rd4 77.Nc2 Rxe4+ 78.Kg3 Rg4+
79.Kh3 Ne4 80.Re2 Rg3+ 81.Kh2 Rg4 82.Kh3 Rf4 83.b5 Kd5 84.b6 Rf3+ 85.Kg2 Rg3+
86.Kh2 Rb3 87.Ne3+ Kd4 88.Nc2+ Kd3 89.Re3+ Kxc2 90.Rxb3 axb3 91.b7 c3 92.b8=Q cxb2
93.Qe8 b1=Q 94.Qxe4+ Kb2 95.Qe5+  1/2-1/2

[Event "Valby K41"]
[Site "Valby"]
[Date "1991.??.??"]
[Round "3"]
[White "Nielsen, Peter Heine"]
[Black "Razuvaev, Yuri S"]
[Result "0-1"]
[WhiteElo "2445"]
[BlackElo "2590"]

1.e4 c5 2.Nf3 e6 3.d4 cxd4 4.Nxd4 Nc6 5.Nb5 d6 6.c4 Nf6 7.N1c3 a6 8.Na3 Be7
9.Be2 O-O 10.O-O b6 11.Be3 Ne5 12.f4 Ned7 13.Bf3 Bb7 14.Qe2 Qc7 15.Rac1 h6
16.Rfd1 Rac8 17.h4 h5 18.Nab1 g6 19.Nd2 Rfe8 20.b4 Qb8 21.Qf2 Ng4 22.Bxg4 hxg4
23.g3 Ba8 24.a3 f5 25.Kh2 Bf6 26.Bd4 b5 27.cxb5 axb5 28.Bxf6 Nxf6 29.Re1 fxe4
30.Qd4 e5 31.fxe5 Rxe5 32.Rf1 Rf8 33.Rce1 e3 34.Rxe3 Qb7 35.Rg1 Nd5 36.Rxe5 dxe5
37.Qxd5+ Qxd5 38.Nxd5 Bxd5  0-1

[Event "Valby K41"]
[Site "Valby"]
[Date "1991.??.??"]
[Round "5"]
[White "Nielsen, Peter Heine"]
[Black "Danielsen, Henrik"]
[Result "1-0"]
[WhiteElo "2445"]
[BlackElo "2405"]

1.d4 Nf6 2.c4 e6 3.Nc3 Bb4 4.Bg5 c5 5.d5 d6 6.e3 exd5 7.cxd5 Nbd7 8.Bd3 Qa5
9.Ne2 Nxd5 10.O-O Bxc3 11.bxc3 c4 12.Bc2 O-O 13.Ng3 N7f6 14.e4 Nxc3 15.Qd2 Ng4
16.h3 f6 17.Bf4 Ne5 18.a4 Rd8 19.Ra3 b5 20.Bxe5 dxe5 21.Qxc3 Qxc3 22.Rxc3 a6
23.Rb1 Bd7 24.Nf5 Kf8 25.Ne3 Bc6 26.Nd5 Bxd5 27.exd5 Rab8 28.axb5 axb5 29.d6 Ke8
30.Bf5 g6 31.Be6 f5 32.Rcc1 e4 33.g3 Rxd6 34.Bxc4 b4 35.Bb3 Rb7 36.Rd1 Ra6
37.Rd4 Rab6 38.Kf1 Ke7 39.Ke2 Kf6 40.Rbd1 Ke7 41.Rc1 Ra6 42.Rcc4 Ra3 43.Bd1 Ra2+
44.Ke1 Rb2 45.Rd2 Rb1 46.Rcc2 Ke6 47.Rb2 Rxb2 48.Rxb2 Kd5 49.Kd2 Kd4 50.Bb3 Rc7
51.Bg8 Rb7 52.Rc2 Ke5 53.Ke3 Kf6 54.Bd5 Rb6 55.Kd4 g5 56.g4 b3 57.Rb2 Rb4+
58.Bc4 h5 59.Rxb3 Rxb3 60.Bxb3 hxg4 61.hxg4 fxg4 62.Kxe4 Kg6 63.Ke3 Kh5 64.Bd5 Kh4
65.Bg2 Kh5 66.Ke2 Kh4 67.Kf1 g3 68.f3 Kh5 69.Bh3 Kh4 70.Bg4 g2+ 71.Kf2  1-0

[Event "Valby K41"]
[Site "Valby"]
[Date "1991.??.??"]
[Round "7"]
[White "Nielsen, Peter Heine"]
[Black "Vogt, Lothar"]
[Result "0-1"]
[WhiteElo "2445"]
[BlackElo "2510"]

1.e4 c5 2.Nf3 e6 3.d4 cxd4 4.Nxd4 Nf6 5.Nc3 d6 6.Be2 Be7 7.O-O O-O 8.f4 Qb6
9.Kh1 Nc6 10.Nb3 Qc7 11.Be3 a6 12.a4 b6 13.Bf3 Bb7 14.g4 d5 15.e5 Ne4 16.Nxe4 dxe4
17.Bg2 Nb4 18.c3 Nd5 19.Qe2 g5 20.f5 Nxe3 21.Qxe3 Qxe5 22.Rae1 Rae8 23.Nd4 h6
24.Qh3 Kg7 25.Re3 Bf6 26.fxe6 fxe6 27.Rfe1 Qc7 28.Bxe4 Bxd4 29.cxd4 Rf2 30.Qg3 Rf4
31.Qg2 Rxe4 32.Rxe4 Rf8 33.Kg1 Rf4 34.h3 Rxe4 35.Rxe4 Qc1+ 36.Kh2 Bd5 37.Qe2 Qb1  0-1